Philippines Holidays - Statistics

General Stats
  • This quiz has been taken 20 times
  • The average score is 7 of 21
Answer Stats
Date Answer % Correct
January 1 New Year's Day | Araw ng Bagong Taon
83%
June 12 Independence Day | Araw ng Kalayaan
67%
May 1 Labor Day | Araw ng Paggawa
61%
November 1 All Saints' Day | Araw ng mga Santo
56%
November 2 All Souls Day | Araw ng mga Kaluluwa
56%
November 30 Bonifacio Day | Araw ng Kapanganakan ni Andrés Bonifacio
56%
December 25 Christmas Day | Araw ng Pasko
56%
December 24 Christmas Eve | Bisperas ng Pasko
50%
December 30 Rizal Day | Paggunita sa Kamatayan ni Dr. Jose Rizal
50%
December 31 New Year's Eve | Bisperas ng Bagong Taon
44%
Movable, mainly on January Chinese New Year | Bagong Taon ng mga Tsino
22%
Movable, early April Day of Valor | Araw ng Kagitingan
17%
Movable, late August National Heroes Day | Araw ng mga Bayani
11%
Movable, late April Black Saturday | Sabado de Gloria
6%
Movable, mid-April Good Friday | Biyernes Santo
6%
Movable, mid-April Maundy Thursday | Huwebes Santo
6%
Movable, late August Ninoy Aquino Day | Araw ng Kabayanihan ni Ninoy Aquino
6%
February 25 EDSA Revolution Anniversary | Anibersaryo ng Rebolusyon sa EDSA
0%
Movable, early June Eid al-Adha | Araw ng Kurban
0%
Movable, late March or early April Eid al-Fitr | Araw ng Pagtatapos ng Ramadan
0%
December 8 Feast of Conception of Blessed Virgin Mary | Kapistahan ng Paglilihî ng Mahál na Birheng María
0%
No matching quizzes found
Score Distribution
Percent of People with Each Score
Percentile by Number Answered
Your Score History
You have not taken this quiz